00478nam a2200157 a 450000500170000000800410001702000180005805000250007610000230010124500660012426000330019030000340022352100090025765000290026670000250029520140310183431.0080109s19uu xx 00 eng d a9780071265287 aHD 58.7 b.M478 2009 aMcShane, Steven L. aOrganizational behavior :b(essentials).cMary Ann Von Glinow aU.S.A :bMcGraw-Hill,c2009. a398 p. :bcol. ill. ;c25 cm. aBSBA aOrganizational behavior. aGlinow, Mary Ann Von